00515nam a22001577a 450000500170000001000150001702000260003203500140005803700130007208200160008524500990010126000380020027000780023830000240031670000170034020220715173659.0 aENG-133617 c750.00a9789381345818 aEN-117149 bDBAD/PUB a305.4879144 aTalking of Power:ced.by Malini Bhattacharya and Abhijit Senbearly writings of bengali women/ aNew Delhic2021bSage Publication aBI/I-I Mohan Cooperative Industrial Area Mathura road,bNew Delhie110044 axv;180p.c22cm(pbk) aSen,Abhijit